| 000 | 00933njm a2200289Ia 4500 | ||
|---|---|---|---|
| 001 | D6330 | ||
| 003 | IT-RoPAU | ||
| 005 | 20220918181207.0 | ||
| 008 | 131025s9999 xx 000 0 und d | ||
| 040 | _aIT-RoPAU | ||
| 040 | _cIT-RoPAU | ||
| 999 |
_c103592 _d103592 |
||
| 999 | _bn.d. | ||
| 100 |
_aSibelius Jan _910250 |
||
| 100 |
_eAutore musica _930938 |
||
| 100 |
_gCodice autore musica SPICS: 8198 _910252 |
||
| 245 | _aTone Poems & Incidental Music | ||
| 250 | _a1a ed. | ||
| 260 | _aAUSTRIA | ||
| 260 |
_bTELARC _c1993 [1a Ed.:1993] |
||
| 300 | _aCOMPACT DISC | ||
| 300 | _c65 minuti (Testo: pag.) | ||
| 500 | _aMusica classica, sinfonica. | ||
| 505 | _aKarelia Suite op. 11 - En Saga op. 9 - Pohjola's Daughter, op. 49 - The Swan of Tuonela, op. 22 n. 3 - Finlandia op. 26 n. 7 | ||
| 511 | _aAtlanta Symphony Orchestra diretta da Levi Yoel | ||
| 650 |
_aSINFONICA [COMPACT DISC] _eCodice MATERIA SPICS: 9949 _916800 |
||
| 942 |
_cCD _2ddc |
||